Southville International School and Colleges
Your cart is empty.
  • Cart
  • Lists
    Public lists Eva Luna New books Lux_list list_1
    Your lists Log in to create your own lists
  • Log in to your account
  • Your cookies
  • Search history
Southville International School and Colleges
  • Advanced search
  • Recent comments
  • Most popular
  • Libraries

Log in to your account

Log in with GOOGLE


If you do not have an external account, but do have a local account, you can still log in:

  1. Home
  2. MARC view: Global civil society movements in the Philippines /
Normal view MARC view ISBD view

Global civil society movements in the Philippines / (Record no. 292349)

[ view plain ]
MARC details
000 -LEADER
fixed length control field 00811nam a2200217Ia 4500
008 - FIXED-LENGTH DATA ELEMENTS--GENERAL INFORMATION
fixed length control field 160319s9999 xx 000 0 und d
020 ## - INTERNATIONAL STANDARD BOOK NUMBER
International Standard Book Number 9789712725463
050 ## - LIBRARY OF CONGRESS CALL NUMBER
Classification number Fil 350.9599
050 ## - LIBRARY OF CONGRESS CALL NUMBER
Item number G562 2011
245 ## - TITLE STATEMENT
Title Global civil society movements in the Philippines /
245 ## - TITLE STATEMENT
Statement of responsibility, etc edited by Teresa S. Encarnacion Tadem.
260 ## - PUBLICATION, DISTRIBUTION, ETC. (IMPRINT)
Place of publication, distribution, etc Manila :
260 ## - PUBLICATION, DISTRIBUTION, ETC. (IMPRINT)
Name of publisher, distributor, etc Anvil Pub. Inc.
260 ## - PUBLICATION, DISTRIBUTION, ETC. (IMPRINT)
Date of publication, distribution, etc 2011
300 ## - PHYSICAL DESCRIPTION
Extent xx, 302 pages ;
300 ## - PHYSICAL DESCRIPTION
Dimensions 23 cm.
500 ## - GENERAL NOTE
General note "First published as: Localizing as transnationalizing contentious politics : global civil society movements in the Philippines / Teresa S. Encarnacion Tadem. Lanham, Md., 2009" --T.p. verso.
650 ## - SUBJECT ADDED ENTRY--TOPICAL TERM
Topical term or geographic name as entry element Civil society -- Philippines.
650 ## - SUBJECT ADDED ENTRY--TOPICAL TERM
Topical term or geographic name as entry element Social movements -- Philippines.
700 ## - ADDED ENTRY--PERSONAL NAME
Personal name Tadem, Teresa S. Encarnacion., editor.
Holdings
Withdrawn status Lost status Damaged status Home library Current library Shelving location Date acquired Total Checkouts Full call number Barcode Date last seen Price effective from Koha item type
      Stonyhurst Southville International School (Batangas) Stonyhurst Southville International School (Batangas) Filipiniana Section 03/19/2016   Fil 350.9599 G562 2011 US- 1935 03/19/2016 03/19/2016 Books

Global civil society movements in the Philippines /

APA

Tadem T. S. E. e., .Global civil society movements in the Philippines. Manila: .

Chicago

Tadem Teresa S Encarnacion editor, .Global civil society movements in the Philippines. Manila: .

Harvard

Tadem T. S. E. e., .Global civil society movements in the Philippines. Manila: .

MLA

Tadem Teresa S Encarnacion editor, .Manila: . .

  • Place hold
  • Print
  • Cite
  • Add to your cart (remove)
  • Save record
    BIBTEX Dublin Core MARCXML MARC (non-Unicode/MARC-8) MARC (Unicode/UTF-8) MARC (Unicode/UTF-8, Standard) MODS (XML) RIS
  • More searches
    Search for this title in:
    Other Libraries (WorldCat) Other Databases (Google Scholar) Online Stores (Bookfinder.com) Open Library (openlibrary.org)

Exporting to Dublin Core...

SOUTHVILLE LIBRARY

Southville International School and Colleges Library

1281 Tropical Ave. Cor. Luxembourg St., BF Homes International, Las Pinas City

Tel. No. 8256374 / 252358 Loc. 117/146

Powered by Koha